[Event "ODJM C 2025"]
[Site "Willingen GER"]
[Date "2025.06.09"]
[Round "3"]
[White "Hantke, Florian"]
[Black "Yang, Everest"]
[Result "0-1"]
[Termination "normal"]
[Board "3"]
[WhiteElo "1517"]
[BlackElo "1629"]
[WhiteClock "00:28:57"]
[BlackClock "01:06:42"]
[PlyCount "64"]
[WhiteFideId "34638962"]
[BlackFideId "533021570"]
[EventCountry "GER"]
[EventRounds "9"]
[EventType "swiss"]
[EventDate "2025.06.07"]

1. e4 {[%clk 01:30:48]} {[%emt 00:00:12]} e5 {[%clk 01:30:52]} {[%emt
00:00:06]} 2. Nf3 {[%clk 01:31:06]} {[%emt 00:00:12]} Nf6 {[%clk 01:31:14]}
{[%emt 00:00:09]} 3. Nxe5 {[%clk 01:31:15]} {[%emt 00:00:20]} d6 {[%clk
01:31:37]} {[%emt 00:00:06]} 4. Nf3 {[%clk 01:31:40]} {[%emt 00:00:06]} Nxe4
{[%clk 01:31:58]} {[%emt 00:00:08]} 5. Nc3 {[%clk 01:31:40]} {[%emt 00:00:30]}
Nxc3 {[%clk 01:32:14]} {[%emt 00:00:14]} 6. bxc3 {[%clk 01:32:02]} {[%emt
00:00:07]} Be7 {[%clk 01:31:48]} {[%emt 00:00:57]} 7. Bc4 {[%clk 01:30:29]}
{[%emt 00:02:04]} O-O {[%clk 01:30:03]} {[%emt 00:02:15]} 8. O-O {[%clk
01:29:46]} {[%emt 00:01:12]} Be6 {[%clk 01:28:57]} {[%emt 00:01:36]} 9. Bb3
{[%clk 01:29:23]} {[%emt 00:00:53]} c5 {[%clk 01:27:38]} {[%emt 00:01:49]} 10.
Bxe6 {[%clk 01:28:02]} {[%emt 00:01:51]} fxe6 {[%clk 01:27:58]} {[%emt
00:00:09]} 11. d4 {[%clk 01:26:41]} {[%emt 00:01:51]} d5 {[%clk 01:24:44]}
{[%emt 00:03:45]} 12. Ba3 {[%clk 01:25:19]} {[%emt 00:01:51]} c4 {[%clk
01:24:23]} {[%emt 00:00:52]} 13. Bxe7 {[%clk 01:25:43]} {[%emt 00:00:06]} Qxe7
{[%clk 01:24:52]} {[%emt 00:00:01]} 14. Qd2 {[%clk 01:24:18]} {[%emt 00:01:56]}
h6 {[%clk 01:24:43]} {[%emt 00:00:38]} 15. Rfe1 {[%clk 01:24:17]} {[%emt
00:00:31]} Rf6 {[%clk 01:24:39]} {[%emt 00:00:34]} 16. Ne5 {[%clk 01:19:27]}
{[%emt 00:05:21]} Nd7 {[%clk 01:24:30]} {[%emt 00:00:39]} 17. Ng4 {[%clk
01:13:40]} {[%emt 00:06:16]} Rg6 {[%clk 01:24:05]} {[%emt 00:00:56]} 18. Ne3
{[%clk 01:13:52]} {[%emt 00:00:18]} Qg5 {[%clk 01:23:29]} {[%emt 00:01:06]} 19.
Rab1 {[%clk 01:06:15]} {[%emt 00:08:07]} Nf6 {[%clk 01:23:22]} {[%emt
00:00:37]} 20. f3 {[%clk 01:06:38]} {[%emt 00:00:07]} b6 {[%clk 01:23:18]}
{[%emt 00:00:34]} 21. Qf2 {[%clk 01:06:26]} {[%emt 00:00:42]} Rf8 {[%clk
01:20:33]} {[%emt 00:03:13]} 22. Nf1 {[%clk 01:05:14]} {[%emt 00:01:43]} Ne4
{[%clk 01:19:06]} {[%emt 00:01:58]} 23. Qe2 {[%clk 00:51:40]} {[%emt 00:14:04]}
Nxc3 {[%clk 01:19:24]} {[%emt 00:00:12]} 24. Qf2 {[%clk 00:52:06]} {[%emt
00:00:04]} Nxb1 {[%clk 01:19:22]} {[%emt 00:00:32]} 25. Rxb1 {[%clk 00:52:34]}
{[%emt 00:00:02]} Rf4 {[%clk 01:18:46]} {[%emt 00:01:06]} 26. g3 {[%clk
00:50:36]} {[%emt 00:02:28]} Qf6 {[%clk 01:17:19]} {[%emt 00:01:57]} 27. Kg2
{[%clk 00:38:28]} {[%emt 00:12:38]} h5 {[%clk 01:12:44]} {[%emt 00:05:05]} 28.
c3 {[%clk 00:32:30]} {[%emt 00:06:28]} e5 {[%clk 01:10:56]} {[%emt 00:02:18]}
29. dxe5 {[%clk 00:30:00]} {[%emt 00:03:01]} Qxe5 {[%clk 01:10:38]} {[%emt
00:00:47]} 30. Re1 {[%clk 00:30:26]} {[%emt 00:00:03]} Qxc3 {[%clk 01:10:20]}
{[%emt 00:00:48]} 31. Qe2 {[%clk 00:29:43]} {[%emt 00:01:14]} Rf8 {[%clk
01:09:22]} {[%emt 00:01:28]} 32. Nd2 {[%clk 00:28:57]} {[%emt 00:01:16]} d4
{[%clk 01:06:42]} {[%emt 00:03:10]} 0-1

[Event "ODJM C 2025"]
[Site "Willingen GER"]
[Date "2025.06.09"]
[Round "3"]
[White "Özkurt, Alper"]
[Black "Tamke, Quintus"]
[Result "1-0"]
[Termination "normal"]
[Board "4"]
[WhiteElo "1523"]
[BlackElo "1201"]
[WhiteClock "00:20:21"]
[BlackClock "00:42:01"]
[PlyCount "105"]
[WhiteFideId "34655190"]
[BlackFideId "533015856"]
[EventCountry "GER"]
[EventRounds "9"]
[EventType "swiss"]
[EventDate "2025.06.07"]

1. e4 {[%clk 01:30:49]} {[%emt 00:00:12]} c6 {[%clk 01:30:44]} {[%emt
00:00:14]} 2. d4 {[%clk 01:31:10]} {[%emt 00:00:09]} d5 {[%clk 01:30:54]}
{[%emt 00:00:19]} 3. exd5 {[%clk 01:31:14]} {[%emt 00:00:26]} cxd5 {[%clk
01:31:04]} {[%emt 00:00:20]} 4. Bd3 {[%clk 01:31:39]} {[%emt 00:00:06]} Nc6
{[%clk 01:31:19]} {[%emt 00:00:15]} 5. c3 {[%clk 01:32:03]} {[%emt 00:00:05]}
g6 {[%clk 01:31:19]} {[%emt 00:00:30]} 6. Nf3 {[%clk 01:31:38]} {[%emt
00:00:54]} Bg7 {[%clk 01:29:46]} {[%emt 00:02:04]} 7. Bf4 {[%clk 01:28:29]}
{[%emt 00:03:39]} f6 {[%clk 01:29:21]} {[%emt 00:00:56]} 8. Qe2 {[%clk
01:25:12]} {[%emt 00:03:45]} Bg4 {[%clk 01:26:40]} {[%emt 00:03:12]} 9. h3
{[%clk 01:14:56]} {[%emt 00:10:46]} Bxf3 {[%clk 01:26:32]} {[%emt 00:00:38]}
10. Qxf3 {[%clk 01:15:18]} {[%emt 00:00:09]} e5 {[%clk 01:26:42]} {[%emt
00:00:19]} 11. dxe5 {[%clk 01:14:51]} {[%emt 00:00:57]} fxe5 {[%clk 01:26:58]}
{[%emt 00:00:15]} 12. Qe2 {[%clk 01:14:03]} {[%emt 00:01:17]} Nge7 {[%clk
01:26:32]} {[%emt 00:00:57]} 13. Bg3 {[%clk 01:13:31]} {[%emt 00:01:01]} O-O
{[%clk 01:26:01]} {[%emt 00:01:01]} 14. O-O {[%clk 01:11:05]} {[%emt 00:02:56]}
Nf5 {[%clk 01:19:42]} {[%emt 00:06:49]} 15. Bxf5 {[%clk 01:06:56]} {[%emt
00:04:39]} Rxf5 {[%clk 01:19:54]} {[%emt 00:00:17]} 16. Rd1 {[%clk 00:56:05]}
{[%emt 00:11:22]} Qd6 {[%clk 01:09:14]} {[%emt 00:11:11]} 17. Qb5 {[%clk
00:47:57]} {[%emt 00:08:37]} Rd8 {[%clk 00:56:41]} {[%emt 00:11:51]} 18. Qxb7
{[%clk 00:40:38]} {[%emt 00:09:01]} d4 {[%clk 00:52:59]} {[%emt 00:04:12]} 19.
Qb3+ {[%clk 00:37:51]} {[%emt 00:03:18]} Kh8 {[%clk 00:52:37]} {[%emt
00:00:52]} 20. Qc2 {[%clk 00:36:34]} {[%emt 00:01:46]} Qd7 {[%clk 00:48:15]}
{[%emt 00:04:52]} 21. Bh4 {[%clk 00:33:48]} {[%emt 00:03:16]} Bf6 {[%clk
00:47:09]} {[%emt 00:01:36]} 22. Bxf6+ {[%clk 00:33:10]} {[%emt 00:01:08]} Rxf6
{[%clk 00:47:30]} {[%emt 00:00:09]} 23. Qd3 {[%clk 00:31:27]} {[%emt 00:02:13]}
Rf5 {[%clk 00:46:20]} {[%emt 00:01:40]} 24. cxd4 {[%clk 00:27:30]} {[%emt
00:04:28]} Nxd4 {[%clk 00:46:36]} {[%emt 00:00:14]} 25. Qd2 {[%clk 00:23:21]}
{[%emt 00:04:38]} Rf6 {[%clk 00:43:03]} {[%emt 00:04:03]} 26. Kf1 {[%clk
00:19:18]} {[%emt 00:04:33]} Rd6 {[%clk 00:42:26]} {[%emt 00:01:07]} 27. Nc3
{[%clk 00:15:07]} {[%emt 00:04:41]} Nb5 {[%emt 00:02:36]} 28. Qe2 {[%clk
00:15:20]} {[%emt 00:00:15]} Nxc3 {[%clk 00:40:28]} {[%emt 00:00:25]} 29. Qxe5+
{[%clk 00:15:46]} {[%emt 00:00:04]} Kg8 {[%clk 00:40:34]} {[%emt 00:00:24]} 30.
Rxd6 {[%clk 00:16:00]} {[%emt 00:00:16]} Qxd6 {[%emt 00:00:23]} 31. Qxd6 {[%emt
00:00:02]} Rxd6 {[%clk 00:40:41]} {[%emt 00:00:28]} 32. bxc3 {[%clk 00:16:57]}
{[%emt 00:00:03]} Rd2 {[%clk 00:40:25]} {[%emt 00:00:46]} 33. Rb1 {[%clk
00:16:44]} {[%emt 00:00:43]} Rxa2 {[%clk 00:40:40]} {[%emt 00:00:14]} 34. Rb8+
{[%clk 00:17:07]} {[%emt 00:00:07]} Kg7 {[%clk 00:40:55]} {[%emt 00:00:15]} 35.
g3 {[%clk 00:17:13]} {[%emt 00:00:23]} Rc2 {[%clk 00:40:57]} {[%emt 00:00:29]}
36. Rb7+ {[%clk 00:17:37]} {[%emt 00:00:06]} Kh6 {[%clk 00:41:15]} {[%emt
00:00:12]} 37. Rxa7 {[%clk 00:17:53]} {[%emt 00:00:15]} Rxc3 {[%clk 00:41:41]}
{[%emt 00:00:04]} 38. Ra5 {[%clk 00:18:17]} {[%emt 00:00:04]} Rc1+ {[%clk
00:41:46]} {[%emt 00:00:25]} 39. Kg2 {[%clk 00:18:43]} {[%emt 00:00:04]} Rc2
{[%clk 00:41:59]} {[%emt 00:00:18]} 40. Re5 {[%clk 00:19:00]} {[%emt 00:00:12]}
Rd2 {[%clk 00:42:02]} {[%emt 00:00:28]} 41. Kf3 {[%clk 00:19:16]} {[%emt
00:00:14]} Rd1 {[%clk 00:42:19]} {[%emt 00:00:12]} 42. h4 {[%clk 00:19:28]}
{[%emt 00:00:18]} Rd3+ {[%clk 00:42:23]} {[%emt 00:00:27]} 43. Re3 {[%clk
00:19:34]} {[%emt 00:00:23]} Rd5 {[%clk 00:42:41]} {[%emt 00:00:10]} 44. g4
{[%clk 00:19:42]} {[%emt 00:00:24]} Rd7 {[%clk 00:42:35]} {[%emt 00:00:37]} 45.
Kf4 {[%clk 00:19:29]} {[%emt 00:00:42]} Rf7+ {[%clk 00:42:55]} {[%emt
00:00:10]} 46. Kg3 {[%clk 00:19:54]} {[%emt 00:00:05]} Rd7 {[%clk 00:42:54]}
{[%emt 00:00:32]} 47. Re6 {[%clk 00:19:54]} {[%emt 00:00:30]} Rd3+ {[%clk
00:43:07]} {[%emt 00:00:17]} 48. f3 {[%clk 00:20:19]} {[%emt 00:00:05]} Rd4
{[%clk 00:43:08]} {[%emt 00:00:29]} 49. Re7 {[%clk 00:20:22]} {[%emt 00:00:26]}
g5 {[%clk 00:42:05]} {[%emt 00:01:34]} 50. hxg5+ {[%clk 00:20:41]} {[%emt
00:00:10]} Kg6 {[%clk 00:41:49]} {[%emt 00:00:47]} 51. Re6+ {[%emt 00:01:09]}
Kg7 52. Re5 {[%clk 00:20:02]} Kg6 {[%clk 00:42:01]} 53. Re6+ {[%clk 00:20:21]}
1-0

[Event "ODJM C 2025"]
[Site "Willingen GER"]
[Date "2025.06.09"]
[Round "3"]
[White "Prokscha, Marlene"]
[Black "Friede, Juan"]
[Result "0-1"]
[Termination "normal"]
[Board "5"]
[WhiteElo "1560"]
[BlackElo "1197"]
[WhiteClock "00:17:00"]
[BlackClock "00:23:11"]
[PlyCount "114"]
[WhiteFideId "34631291"]
[BlackFideId "533043760"]
[EventCountry "GER"]
[EventRounds "9"]
[EventType "swiss"]
[EventDate "2025.06.07"]

1. e4 {[%clk 01:30:55]} {[%emt 00:00:05]} e5 {[%clk 01:30:56]} {[%emt
00:00:07]} 2. Nf3 {[%clk 01:31:20]} {[%emt 00:00:02]} Nc6 {[%clk 01:31:21]}
{[%emt 00:00:05]} 3. Nc3 {[%clk 01:31:35]} {[%emt 00:00:15]} Nf6 {[%clk
01:31:45]} {[%emt 00:00:06]} 4. Bc4 {[%clk 01:31:56]} {[%emt 00:00:07]} Bc5
{[%clk 01:32:02]} {[%emt 00:00:14]} 5. d3 {[%clk 01:32:09]} {[%emt 00:00:16]}
d6 {[%clk 01:31:20]} {[%emt 00:01:13]} 6. h3 {[%clk 01:32:00]} {[%emt
00:00:38]} Na5 {[%clk 01:26:44]} {[%emt 00:05:07]} 7. Na4 {[%clk 01:26:21]}
{[%emt 00:06:08]} Nxc4 {[%clk 01:22:58]} {[%emt 00:04:16]} 8. Nxc5 {[%clk
01:15:05]} {[%emt 00:11:47]} dxc5 {[%clk 01:16:03]} {[%emt 00:07:24]} 9. dxc4
{[%clk 01:14:43]} {[%emt 00:00:53]} Qxd1+ {[%clk 01:14:56]} {[%emt 00:01:36]}
10. Kxd1 {[%clk 01:15:05]} {[%emt 00:00:08]} Nxe4 {[%clk 01:13:43]} {[%emt
00:01:43]} 11. Ke2 {[%clk 01:11:42]} {[%emt 00:03:51]} f6 {[%clk 01:06:43]}
{[%emt 00:07:31]} 12. Re1 {[%clk 01:10:58]} {[%emt 00:01:14]} h5 {[%clk
01:00:00]} {[%emt 00:07:14]} 13. Kf1 {[%clk 01:09:40]} {[%emt 00:01:48]} Bf5
{[%clk 00:58:27]} {[%emt 00:02:03]} 14. b3 {[%clk 01:04:56]} {[%emt 00:05:14]}
Nd6 {[%clk 00:51:18]} {[%emt 00:07:40]} 15. c3 {[%clk 01:01:53]} {[%emt
00:03:31]} Rd8 {[%clk 00:47:06]} {[%emt 00:04:43]} 16. Nd2 {[%clk 00:51:00]}
{[%emt 00:11:23]} Kf7 {[%clk 00:44:56]} {[%emt 00:02:41]} 17. Bb2 {[%clk
00:42:39]} {[%emt 00:08:50]} g5 {[%clk 00:43:56]} {[%emt 00:01:30]} 18. Rad1
{[%clk 00:39:36]} {[%emt 00:03:33]} g4 {[%clk 00:43:06]} {[%emt 00:01:19]} 19.
h4 {[%clk 00:39:53]} {[%emt 00:00:14]} g3 {[%clk 00:38:14]} {[%emt 00:05:22]}
20. f3 {[%clk 00:37:13]} {[%emt 00:03:10]} Bd3+ {[%clk 00:37:35]} {[%emt
00:01:08]} 21. Kg1 {[%clk 00:37:14]} {[%emt 00:00:29]} Bc2 {[%clk 00:37:13]}
{[%emt 00:00:53]} 22. Rc1 {[%clk 00:37:27]} {[%emt 00:00:16]} Bh7 {[%clk
00:37:08]} {[%emt 00:00:36]} 23. Rcd1 {[%clk 00:37:12]} {[%emt 00:00:45]} Nf5
{[%clk 00:36:24]} {[%emt 00:01:13]} 24. Ne4 {[%clk 00:35:52]} {[%emt 00:01:50]}
b6 {[%clk 00:34:40]} {[%emt 00:02:14]} 25. Bc1 {[%clk 00:34:05]} {[%emt
00:02:18]} Rhg8 {[%clk 00:31:21]} {[%emt 00:03:49]} 26. Kf1 {[%clk 00:26:57]}
{[%emt 00:07:37]} Nd6 {[%clk 00:31:03]} {[%emt 00:00:49]} 27. Nxd6+ {[%clk
00:25:18]} {[%emt 00:02:10]} Rxd6 {[%clk 00:31:18]} {[%emt 00:00:15]} 28. Rxd6
{[%clk 00:25:29]} {[%emt 00:00:18]} cxd6 {[%clk 00:31:46]} {[%emt 00:00:02]}
29. Rd1 {[%clk 00:24:37]} {[%emt 00:01:22]} Ke6 {[%clk 00:30:13]} {[%emt
00:02:03]} 30. Ke2 {[%clk 00:23:50]} {[%emt 00:01:16]} f5 {[%clk 00:24:13]}
{[%emt 00:06:31]} 31. Rd5 {[%clk 00:20:49]} {[%emt 00:03:30]} f4 {[%clk
00:24:03]} {[%emt 00:00:40]} 32. a3 {[%clk 00:19:32]} {[%emt 00:01:48]} Bg6
{[%clk 00:23:29]} {[%emt 00:01:03]} 33. b4 {[%clk 00:17:48]} {[%emt 00:02:14]}
a6 {[%clk 00:20:47]} {[%emt 00:03:13]} 34. a4 {[%clk 00:17:02]} {[%emt
00:01:17]} Rd8 {[%clk 00:19:22]} {[%emt 00:01:53]} 35. bxc5 {[%clk 00:16:28]}
{[%emt 00:01:05]} bxc5 {[%clk 00:19:44]} {[%emt 00:00:08]} 36. a5 {[%clk
00:16:48]} {[%emt 00:00:10]} Be8 {[%clk 00:19:52]} {[%emt 00:00:21]} 37. Kd3
{[%clk 00:15:30]} {[%emt 00:01:48]} Bc6 {[%clk 00:19:55]} {[%emt 00:00:28]} 38.
Ke4 {[%clk 00:15:14]} {[%emt 00:00:45]} Bxd5+ {[%clk 00:20:04]} {[%emt
00:00:21]} 39. cxd5+ {[%clk 00:15:37]} {[%emt 00:00:07]} Kf6 {[%clk 00:20:29]}
{[%emt 00:00:06]} 40. c4 {[%clk 00:13:21]} {[%emt 00:05:35]} Rb8 {[%clk
00:19:47]} 41. Bd2 {[%clk 00:13:36]} {[%emt 00:00:37]} Rb2 {[%clk 00:19:45]}
{[%emt 00:01:13]} 42. Kd3 {[%clk 00:14:01]} Kf5 {[%clk 00:19:40]} {[%emt
00:01:00]} 43. Ke2 {[%clk 00:13:37]} Rb1 {[%clk 00:19:57]} {[%emt 00:01:07]}
44. Kd1 {[%clk 00:13:53]} e4+ {[%clk 00:20:06]} {[%emt 00:00:35]} 45. fxe4+
{[%clk 00:13:02]} Kxe4+ {[%clk 00:20:23]} {[%emt 00:01:33]} 46. Bc1 {[%clk
00:13:17]} Rxc1+ {[%clk 00:20:16]} {[%emt 00:00:53]} 47. Kxc1 {[%clk 00:13:41]}
{[%emt 00:00:06]} Ke3 {[%clk 00:20:40]} {[%emt 00:00:06]} 48. Kd1 {[%clk
00:14:00]} {[%emt 00:00:09]} Kf2 {[%clk 00:21:06]} {[%emt 00:00:05]} 49. Kd2
{[%clk 00:14:19]} {[%emt 00:00:11]} Kxg2 {[%clk 00:21:22]} {[%emt 00:00:14]}
50. Ke2 {[%clk 00:14:30]} {[%emt 00:00:19]} f3+ {[%clk 00:21:44]} {[%emt
00:00:08]} 51. Ke3 {[%clk 00:14:51]} {[%emt 00:00:10]} f2 {[%clk 00:22:01]}
{[%emt 00:00:12]} 52. Ke4 {[%clk 00:15:10]} {[%emt 00:00:11]} f1=Q {[%clk
00:22:04]} {[%emt 00:00:27]} 53. Ke3 {[%clk 00:15:34]} {[%emt 00:00:06]} Qf3+
{[%clk 00:22:16]} {[%emt 00:00:18]} 54. Kd2 {[%clk 00:15:55]} {[%emt 00:00:09]}
Kh3 {[%clk 00:22:27]} {[%emt 00:00:19]} 55. Ke1 {[%clk 00:16:10]} {[%emt
00:00:15]} Qf2+ {[%clk 00:22:48]} {[%emt 00:00:10]} 56. Kd1 {[%clk 00:16:34]}
{[%emt 00:00:05]} g2 {[%clk 00:23:11]} {[%emt 00:00:08]} 57. Kc1 {[%clk
00:17:00]} {[%emt 00:00:05]} g1=R# {[%emt 00:00:11]} 0-1

[Event "ODJM C 2025"]
[Site "Willingen GER"]
[Date "2025.06.09"]
[Round "3"]
[White "Frey, Jarmo"]
[Black "Trush, Diana"]
[Result "0-1"]
[Termination "normal"]
[Board "7"]
[WhiteElo "1404"]
[BlackElo "1708"]
[WhiteClock "01:15:25"]
[BlackClock "00:42:49"]
[PlyCount "82"]
[WhiteFideId "533001324"]
[BlackFideId "34644091"]
[EventCountry "GER"]
[EventRounds "9"]
[EventType "swiss"]
[EventDate "2025.06.07"]

1. e4 {[%clk 01:30:59]} e5 {[%clk 01:30:51]} {[%emt 00:00:11]} 2. Nf3 {[%clk
01:31:18]} {[%emt 00:00:07]} Nc6 {[%clk 01:30:54]} {[%emt 00:00:27]} 3. Bc4
{[%clk 01:31:40]} {[%emt 00:00:08]} Be7 {[%clk 01:30:56]} {[%emt 00:00:29]} 4.
Nc3 {[%clk 01:31:52]} {[%emt 00:00:17]} Nf6 {[%clk 01:30:52]} {[%emt 00:00:35]}
5. d3 {[%clk 01:32:09]} {[%emt 00:00:13]} O-O {[%clk 01:31:02]} {[%emt
00:00:19]} 6. Be3 {[%clk 01:32:20]} {[%emt 00:00:19]} d6 {[%clk 01:31:24]}
{[%emt 00:00:08]} 7. h3 {[%clk 01:32:35]} {[%emt 00:00:15]} Ne8 {[%clk
01:28:20]} {[%emt 00:03:35]} 8. Qd2 {[%clk 01:32:45]} {[%emt 00:00:19]} Bf6
{[%clk 01:27:41]} {[%emt 00:01:09]} 9. O-O-O {[%clk 01:32:24]} {[%emt
00:00:51]} Nd4 {[%clk 01:28:00]} {[%emt 00:00:11]} 10. Nd5 {[%clk 01:31:07]}
{[%emt 00:01:47]} Nxf3 {[%clk 01:27:37]} {[%emt 00:00:53]} 11. gxf3 {[%clk
01:31:23]} {[%emt 00:00:14]} a6 {[%clk 01:27:18]} {[%emt 00:00:49]} 12. Rdg1
{[%clk 01:30:34]} {[%emt 00:01:19]} b5 {[%clk 01:26:54]} {[%emt 00:00:55]} 13.
Bb3 {[%clk 01:30:30]} {[%emt 00:00:32]} a5 {[%clk 01:24:06]} {[%emt 00:03:20]}
14. a4 {[%clk 01:28:58]} {[%emt 00:02:02]} Bh4 {[%clk 01:15:17]} {[%emt
00:09:18]} 15. d4 {[%clk 01:26:40]} {[%emt 00:02:47]} c6 {[%clk 01:15:27]}
{[%emt 00:00:21]} 16. Nc3 {[%clk 01:26:22]} {[%emt 00:00:48]} Bf6 {[%clk
01:07:45]} {[%emt 00:08:12]} 17. Rg2 {[%clk 01:23:53]} {[%emt 00:02:59]} c5
{[%clk 01:04:27]} {[%emt 00:03:49]} 18. d5 {[%clk 01:23:16]} {[%emt 00:01:06]}
bxa4 {[%clk 01:02:20]} {[%emt 00:02:37]} 19. Nxa4 {[%clk 01:22:45]} {[%emt
00:01:02]} Rb8 {[%clk 00:59:40]} {[%emt 00:03:10]} 20. Ba2 {[%clk 01:22:11]}
{[%emt 00:01:03]} Bd7 {[%clk 00:56:21]} {[%emt 00:03:49]} 21. Nc3 {[%clk
01:21:28]} {[%emt 00:01:13]} Qb6 {[%clk 00:53:25]} {[%emt 00:03:26]} 22. b3
{[%clk 01:20:41]} {[%emt 00:01:17]} a4 {[%clk 00:48:14]} {[%emt 00:05:42]} 23.
Rhg1 {[%clk 01:20:51]} {[%emt 00:00:19]} Bxh3 {[%clk 00:47:23]} {[%emt
00:01:22]} 24. Rg3 {[%clk 01:20:51]} {[%emt 00:00:30]} Bc8 {[%emt 00:00:42]}
25. Nxa4 {[%clk 01:20:10]} {[%emt 00:01:04]} Qa6 {[%clk 00:45:25]} {[%emt
00:02:22]} 26. Bh6 {[%clk 01:18:45]} {[%emt 00:01:55]} Bd7 {[%clk 00:45:39]}
{[%emt 00:00:16]} 27. Rxg7+ {[%clk 01:18:01]} {[%emt 00:01:15]} Nxg7 {[%clk
00:44:40]} {[%emt 00:01:29]} 28. Rxg7+ {[%clk 01:18:22]} {[%emt 00:00:08]} Kh8
{[%clk 00:44:10]} {[%emt 00:01:00]} 29. Rg2 {[%clk 01:18:02]} {[%emt 00:00:43]}
Qf1+ {[%clk 00:44:21]} {[%emt 00:00:26]} 30. Qd1 {[%clk 01:17:17]} {[%emt
00:01:15]} Qxg2 {[%clk 00:43:38]} {[%emt 00:01:13]} 31. Bxf8 {[%clk 01:16:01]}
{[%emt 00:01:46]} Rxf8 {[%clk 00:44:06]} {[%emt 00:00:02]} 32. Nb6 {[%clk
01:16:20]} {[%emt 00:00:11]} Qh3 {[%clk 00:43:24]} {[%emt 00:01:13]} 33. Qd2
{[%clk 01:15:41]} {[%emt 00:01:07]} Rg8 {[%clk 00:43:18]} {[%emt 00:00:37]} 34.
Kb2 {[%clk 01:15:55]} {[%emt 00:00:16]} Bd8 {[%clk 00:42:09]} {[%emt 00:01:39]}
35. Nc4 {[%clk 01:15:35]} {[%emt 00:00:50]} Qxf3 {[%clk 00:42:30]} {[%emt
00:00:09]} 36. Nxd6 {[%clk 01:15:47]} {[%emt 00:00:18]} Bh4 {[%clk 00:41:58]}
{[%emt 00:01:02]} 37. b4 {[%clk 01:15:16]} {[%emt 00:01:02]} cxb4 {[%clk
00:42:09]} {[%emt 00:00:19]} 38. Qxb4 {[%clk 01:15:35]} {[%emt 00:00:10]} Bxf2
{[%clk 00:42:19]} {[%emt 00:00:21]} 39. Qb7 {[%clk 01:15:49]} {[%emt 00:00:16]}
Bd4+ {[%clk 00:42:13]} {[%emt 00:00:30]} 40. Kc1 {[%clk 01:15:05]} {[%emt
00:01:19]} Rg1+ {[%clk 00:42:24]} {[%emt 00:00:19]} 41. Kd2 {[%clk 01:15:25]}
{[%emt 00:00:09]} Qe3# {[%clk 00:42:49]} {[%emt 00:00:05]} 0-1